Mexico (Record no. 153282)

MARC details
000 -LEADER
fixed length control field 00585nam a2200229 i 4500
001 - CONTROL NUMBER
control field C2-0169264
003 - CONTROL NUMBER IDENTIFIER
control field PPAK
005 - DATE AND TIME OF LATEST TRANSACTION
control field 20180728091905.0
008 - FIXED-LENGTH DATA ELEMENTS--GENERAL INFORMATION
fixed length control field 980722s1985 ne a|||| ||||| | eng d
020 ## - INTERNATIONAL STANDARD BOOK NUMBER
International Standard Book Number 0705408469
040 ## - CATALOGING SOURCE
Original cataloging agency PPAK
Language of cataloging eng
Transcribing agency PPAK
Description conventions rda
082 04 - DEWEY DECIMAL CLASSIFICATION NUMBER
Classification number 972
Edition number 23
090 00 - LOCALLY ASSIGNED LC-TYPE CALL NUMBER (OCLC); LOCAL CALL NUMBER (RLIN)
Classification number (OCLC) (R) ; Classification number, CALL (RLIN) (NR) 972
Feature heading MEX
Feature heading R
245 00 - TITLE STATEMENT
Title Mexico
264 #1 - PRODUCTION, PUBLICATION, DISTRIBUTION, MANUFACTURE, AND COPYRIGHT NOTICE
Place of production, publication, distribution, manufacture Amsterdam :
Name of producer, publisher, distributor, manufacturer Time-Life Books ,
Date of production, publication, distribution, manufacture, or copyright notice 1985
300 ## - PHYSICAL DESCRIPTION
Extent 160 pages :
Other physical details colour illustrations ;
Dimensions 32 cm
336 ## - CONTENT TYPE
Source rdacontent
Content type term text
337 ## - MEDIA TYPE
Source rdamedia
Media type term unmediated
338 ## - CARRIER TYPE
Source rdacarrier
Carrier type term volume
650 10 - SUBJECT ADDED ENTRY--TOPICAL TERM
Topical term or geographic name entry element Mexico
942 ## - ADDED ENTRY ELEMENTS (KOHA)
-- dc
Koha item type Book
Holdings
Withdrawn Not for loan Current library Shelving location Date acquired Full call number Barcode Date last seen Koha item type Total Checkouts
  Not For Loan Perpustakaan Alor Setar Rujukan Dewasa 22/07/1998 R 972 MEX A00110532 01/06/2018 Book  
  Not For Loan Perpustakaan Awam Sungai Petani Rujukan Dewasa 22/03/2004 R 972 MEX A00425140 01/06/2018 Book  
  Not For Loan Perpustakaan Jitra Rujukan Dewasa 15/03/2004 R 972 MEX A00845988 01/06/2018 Book  
  Not For Loan Perpustakaan Kulim Rujukan Dewasa 15/03/2004 R 972 MEX A00464622 18/04/2021 Book